Shocking electricity

Bibliographic Details
Main Author: Arnold, Nick
Other Authors: De Saulles, Tony
Format: Book
Published: UK : Scholastic Ltd. , 2000
Series:Horrible science
Subjects:

MARC

LEADER 00000cam a2200000 7i4500
001 0000028744
005 20151222.0
008 100106
020 |a 0439012724 
090 0 0 |a SC   |b ENG 
100 1 |a Arnold, Nick 
245 1 0 |a Shocking electricity   |c Nick Arnold ; illustrated by Tony De Saulles 
260 |a UK :   |b Scholastic Ltd. ,   |c 2000 
440 |a Horrible science 
500 |a Children ages 10-12 years old (pink) 
650 0 |a Electricity   |x miscellanea   |x juvenile literature 
700 1 |a De Saulles, Tony 
999 |a 0001061265   |b Book   |c Children Collection   |e Cawangan Tmn. Ungku Tun Aminah 
999 |a 0001061327   |b Book   |c Children Collection   |e Cawangan Tmn. Ungku Tun Aminah